000 00589nam a2200229Ia 4500
003 OSt
005 20221005121035.0
006 a|||||r|||| 00| 0
007 ta
008 221004b |||||||| |||| 00| 0 guj d
024 _a62456
037 _cTextual
040 _aCRL
_cCRL
_bguj
041 _2guj
_aguj
082 _aV2:51xM69w, 156J8.1
100 _aLalubhai bakanji
_9629979
245 0 _aGandhiyana yavan parsango
260 _c1958
650 _aHISTORY
942 _hV2:51xM69w, 156J8.1
_cTEXL
_2cc
999 _c1039902
_d1039902